LEADER 01370nam a2200313 a 4500 001 000000125617 003 CaOOAMICUS 005 20110608143253.0 008 110608s2011 vc u000 u ita r 020 $a978-88-209-8543-1 040 $aPUL$bita 082 04$a306.4 245 00$aEducazione e religione /$ca cura di Giuseppe Dalla Torre, Pasquale Lillo, Giuseppe Marco Salvati. 260 $aCittà del Vaticano :$bLibreria editrice vaticana,$c©2011. 300 $a396 p. ;$c24 cm. 500 $aSulla coperta: LUMSA università. 504 $aInclude riferimenti bibliografici. 650 4$aEducazione religiosa.$0(OLS)http://pul/subject/10758 700 1 $aDalla Torre, Giuseppe,$d1943-2020.$0(OLS)http://pul/name/988 700 1 $aLillo, Pasquale.$0(OLS)http://pul/name/7967 700 1 $aSalvati, Giuseppe Marco.$0(OLS)http://pul/name/26577 850 $aPUL 852 $aPUL$W1$xSL Diritto e Scienze Sociali 3$y79$m306. 4 DALGI 1$j144701$qDDC 21$q $B143718$CPULBib$Z2$F143718 $H117181 $81 941 1 $a9 996 $6020$a978-88-209-8543-1$9(OLS)http://pul/number/147427 996 $6082$a306.4$9(OLS)http://pul/classification/1767 996 $6245$aEducazione e religione$9(OLS)http://pul/title/158409 996 $6260$aCittà del Vaticano :$bLibreria editrice vaticana$9(OLS)http://pul/publisher/47920 LEADER 01154nam a2200301 u 4500 001 000000049286 003 CaOOAMICUS 005 20070226115108.0 008 000623s1918 fr u000 u fre u 035 $a10850898 040 $aPUL$bita 041 1 $afre$hgrc 130 0 $aBiblia.$pN.T.$pAd Galatas.$lFrancese.$0(OLS)http://pul/title/4681 245 12$aL'épître de Paul aux Galates /$cSimon Légasse. 260 $aParis :$bCerf,$c2000. 300 $a496 p. ;$c22 cm 490 1 $aLectio divina.$aCommentaires ;$v9 500 $aContiene indici. 504 $aBibliografia in nota. 630 04$aBiblia.$pN.T.$pAd Galatas$xCommenti.$0(OLS)http://pul/subject/6279 700 1 $aLégasse, Simon.$0(OLS)http://pul/name/23265 830 0$aLectio divina.$pCommentaires ;$v9.$0(OLS)http://pul/title/39067 850 $aPUL 852 $aPUL$W1$xSL Religione 1$y3$m9 L 9$j65515$nBK-PRI$b $qStampati$B65515$CPULBib$Z2$F65515 $H $81 941 1 $a8 961 $aINV: 82207 996 $6245$aL'épître de Paul aux Galates$9(OLS)http://pul/title/66470 996 $6260$aParis :$bCerf$9(OLS)http://pul/publisher/48238